<?xml version="1.0" encoding="UTF-8"?>
<record
    xmlns:xsi="http://www.w3.org/2001/XMLSchema-instance"
    xsi:schemaLocation="http://www.loc.gov/MARC21/slim http://www.loc.gov/standards/marcxml/schema/MARC21slim.xsd"
    xmlns="http://www.loc.gov/MARC21/slim">

  <leader>01135nam a22002657a 4500</leader>
  <controlfield tag="001">BRCA_9194</controlfield>
  <controlfield tag="003">FranzMayer</controlfield>
  <controlfield tag="005">20220809132920.0</controlfield>
  <controlfield tag="008">220707b        |||||||| |||| 00| 0 spa d</controlfield>
  <datafield tag="020" ind1=" " ind2=" ">
    <subfield code="a">9789685546386</subfield>
  </datafield>
  <datafield tag="040" ind1=" " ind2=" ">
    <subfield code="b">spa</subfield>
    <subfield code="c">MFM</subfield>
  </datafield>
  <datafield tag="041" ind1=" " ind2=" ">
    <subfield code="a">spa</subfield>
  </datafield>
  <datafield tag="050" ind1=" " ind2=" ">
    <subfield code="a">JC347.M4</subfield>
    <subfield code="b">S56 2018</subfield>
  </datafield>
  <datafield tag="245" ind1=" " ind2=" ">
    <subfield code="a">S&#xED;mbolos Patrios : </subfield>
    <subfield code="b">La Bandera y el Escudo Nacional / </subfield>
    <subfield code="c">textos Enrique Florescano y Mois&#xE9;s Guzm&#xE1;n </subfield>
  </datafield>
  <datafield tag="260" ind1=" " ind2=" ">
    <subfield code="a">Ciudad de M&#xE9;xico:</subfield>
    <subfield code="b">Chapa</subfield>
    <subfield code="c">2018</subfield>
  </datafield>
  <datafield tag="300" ind1=" " ind2=" ">
    <subfield code="a">471 p. :</subfield>
    <subfield code="b">il. y fot. ;</subfield>
    <subfield code="c">25 x 35 cm.</subfield>
  </datafield>
  <datafield tag="500" ind1=" " ind2=" ">
    <subfield code="a">Ubicaci&#xF3;n: L59-N5</subfield>
  </datafield>
  <datafield tag="500" ind1=" " ind2=" ">
    <subfield code="a">Incluye im&#xE1;genes de la Colecci&#xF3;n Museo Franz Mayer (p. 76, 155, 294)</subfield>
  </datafield>
  <datafield tag="504" ind1=" " ind2=" ">
    <subfield code="a">Bibliograf&#xED;a: p. 462-468</subfield>
  </datafield>
  <datafield tag="520" ind1=" " ind2=" ">
    <subfield code="a">En esta obra hist&#xF3;rica unificadora de las distintas etapas que forjaron la bandera y escudo nacionales, se enfatiza el papel que jugaron las intervenciones extranjeras y la formaci&#xF3;n de nuevos baluartes de la soberan&#xED;a. - Enrique Florescano</subfield>
  </datafield>
  <datafield tag="651" ind1=" " ind2=" ">
    <subfield code="a">M&#xE9;xico</subfield>
    <subfield code="x">Bandera</subfield>
    <subfield code="x">Historia</subfield>
    <subfield code="9">28432</subfield>
  </datafield>
  <datafield tag="651" ind1=" " ind2=" ">
    <subfield code="a">M&#xE9;xico</subfield>
    <subfield code="x">Escudo </subfield>
    <subfield code="x">Historia</subfield>
    <subfield code="9">28433</subfield>
  </datafield>
  <datafield tag="942" ind1=" " ind2=" ">
    <subfield code="2">lcc</subfield>
    <subfield code="c">B</subfield>
  </datafield>
  <datafield tag="999" ind1=" " ind2=" ">
    <subfield code="c">10813</subfield>
    <subfield code="d">10813</subfield>
  </datafield>
  <datafield tag="952" ind1=" " ind2=" ">
    <subfield code="0">0</subfield>
    <subfield code="1">0</subfield>
    <subfield code="2">lcc</subfield>
    <subfield code="4">0</subfield>
    <subfield code="7">0</subfield>
    <subfield code="a">BRCA</subfield>
    <subfield code="b">BRCA</subfield>
    <subfield code="d">2022-07-07</subfield>
    <subfield code="l">0</subfield>
    <subfield code="o">JC347.M4 S56 2018</subfield>
    <subfield code="p">CONT9967</subfield>
    <subfield code="r">2022-07-07 00:00:00</subfield>
    <subfield code="w">2022-07-07</subfield>
    <subfield code="y">B</subfield>
  </datafield>
</record>
